Pedro I El Cruel (1350-1369)

Guardat en:
Dades bibliogràfiques
Autor principal: Díaz Martín, Luis Vicente (Autor)
Format: Llibre
Idioma:espanyol
Publicat: Gijón, España Trea 2007
Edició:Segunda edición
Col·lecció:Corona de España. Serie Reyes de Castilla y León
Matèries:
Etiquetes: Afegir etiqueta
Sense etiquetes, Sigues el primer a etiquetar aquest registre!

MARC

LEADER 00000cam a2200000 a 4500
001 UCI4031
003 CL-VaPUC
005 20210605001558.0
008 071214e20070000SP |||||||||||||||||spa|d
999 |c 328033  |d 328031 
020 |a 9788497042741 
040 |c Pontificia Universidad Católica de Valparaíso 
082 0 4 |a 946 DIA 2007  |2 21 
100 0 |a Díaz Martín, Luis Vicente  |e author  |9 525652 
245 1 0 |a Pedro I El Cruel (1350-1369) 
250 |a Segunda edición 
260 |a Gijón, España  |b Trea  |c 2007 
300 |a 298 páginas 
490 0 |a Corona de España. Serie Reyes de Castilla y León 
583 |a last modification  |c 20160817 03:40:24  |k Rodrigo Vera 
600 0 7 |a PEDRO I  |2 CL-VaPUC  |9 445302 
650 7 |a HISTORIA DE ESPAÑA  |2 CL-VaPUC  |9 388280  |y SIGLO 14 
650 0 |a Edad media  |z ESPAÑA  |9 258041 
651 7 |a CASTILLA  |2 CL-VaPUC  |9 318548  |z NAVARRA  |z ARAGON  |z ESPAÑA 
852 |a BIBCUR 
942 |c BK  |2 ddc 
945 |d 20071214 00:00:00  |a rbrito 
952 |0 0  |1 0  |2 ddc  |4 0  |6 946_000000000000000_DIA_2007  |7 0  |8 A  |9 411703  |a BIBHIS  |b BIBHIS  |d 2019-11-22  |i 4396634  |o 946 DIA 2007  |p 4396634  |r 2025-01-20  |t 1  |w 2019-11-22  |y BK  |k HIS